LEADER 01596nam a2200361 u 4500 001 000000045697 003 CaOOAMICUS 005 20070226114706.0 008 990614s1992 it u000 u ita u 020 $a8831100890 035 $a10826615 040 $aPUL(R)$bita 041 1 $aita$heng 100 1 $aDavies, P.C.W.$0(OLS)http://pul/name/33303 240 10$aGhost in the atom.$lItaliano.$0(OLS)http://pul/title/61627 245 13$aIl fantasma nell'atomo :$benigmi e problemi della fisica quantistica /$cP.C.W. Davies e J.R. Brown ; edizione italiana a cura di Emilio di Domenico ; traduzione di Nadia Martellacci. 260 $aRoma :$bCittà Nuova,$cc1992. 300 $a242 p. ;$c19 cm 490 1 $aIdee ;$v89 500 $aContributi di autori vari. 504 $aNote bibliografiche. 650 4$aFisica$xCritica e interprertazione.$0(OLS)http://pul/subject/19620 700 1 $aMartellacci, Nadia.$0(OLS)http://pul/name/33306 700 1 $aDi Domenico, Emilio.$0(OLS)http://pul/name/33305 700 1 $aBrown, J.R.$0(OLS)http://pul/name/33304 830 0$aIdee ;$v89.$0(OLS)http://pul/title/622 850 $aPUL 852 $aPUL$W1$xSL Filosofia 2$y80$mPhil A15 89$j61360$nBK-PRI$b $qStampati altre collocazioni$B61360$CPULBib$Z2$F61360 $H $81 941 1 $a10 961 $aINV: 70017 996 $6020$a8831100890$9(OLS)http://pul/number/56986 996 $6245$aIl fantasma nell'atomo :$benigmi e problemi della fisica quantistica$9(OLS)http://pul/title/61628 996 $6260$aRoma :$bCittà Nuova$9(OLS)http://pul/publisher/47927 LEADER 01398nam a2200301 u 4500 001 000000049261 003 CaOOAMICUS 005 20070226115106.0 008 000623s2000 sp u000 u spa u 020 $a8472994740 035 $a10850838 040 $aPUL$bita 245 03$aLa Iglesia y los mayores en la sociedad actual /$cedición preparada por Dionisio Borobio, Jesús García Rojo. 260 $aSalamanca :$bUniversidad Pontificia de Salamanca,$c2000. 300 $a292 p. ;$c24 cm 490 1 $aBibliotheca salmanticensis.$aEstudios ;$v219 504 $aBibliografia in nota. 650 4$aAnziani.$0(OLS)http://pul/subject/19311 650 4$aChiesa e questioni sociali$xChiesa cattolica.$0(OLS)http://pul/subject/2309 700 1 $aGarcía Rojo, Jesús.$0(OLS)http://pul/name/35647 700 1 $aBorobio, Dionisio.$0(OLS)http://pul/name/35646 830 0$aBibliotheca salmanticensis.$pEstudios ;$v219.$0(OLS)http://pul/title/4111 850 $aPUL 852 $aPUL$W1$xSL Diritto Canonico 3$y77$m262. 99 CAN.7 3.219$j65490$nBK-PRI$b $qDDC 21$B65490$CPULBib$Z2$F65490 $H82341 $82 941 1 $a9 996 $6020$a8472994740$9(OLS)http://pul/number/62189 996 $6245$aLa Iglesia y los mayores en la sociedad actual$9(OLS)http://pul/title/66419 996 $6260$aSalamanca :$bUniversidad Pontificia de Salamanca$9(OLS)http://pul/publisher/49541